Central Library OPAC University of Rajshahi

Bank nationalization and the Supreme Court judgment / (Record no. 58692)

MARC details
000 -LEADER
fixed length control field 01263nam a2200289 a 4500
001 - CONTROL NUMBER
control field 58692
003 - CONTROL NUMBER IDENTIFIER
rucl marc code BD-RjUL
005 - DATE AND TIME OF LATEST TRANSACTION
control field 20211209080640.0
008 - FIXED-LENGTH DATA ELEMENTS--GENERAL INFORMATION
fixed length control field 161219s1971 ii 100 0 eng
035 ## - SYSTEM CONTROL NUMBER
System control number (BD-RjUL)58816
040 ## - CATALOGING SOURCE
Original cataloging agency DLC
Transcribing agency DLC
Modifying agency DLC
Language of cataloging eng
041 ## - LANGUAGE CODE
Language code of text/sound track or separate title eng
082 00 - DEWEY DECIMAL CLASSIFICATION NUMBER
Classification number 332.10954
Author mark and year BAN 1971
245 00 - TITLE STATEMENT
Title Bank nationalization and the Supreme Court judgment /
Statement of responsibility, etc. General editor: L. M. Singhvi. [Project personnel: Subhash C. Kashyap, Director; P. N. Bhatt, Deputy Director, and N. K. Jain, research assistant]
260 ## - PUBLICATION, DISTRIBUTION, ETC. (IMPRINT)
Place of publication, distribution, etc. Delhi :
Name of publisher, distributor, etc. National [Pub. House,
Date of publication, distribution, etc. c1971
300 ## - PHYSICAL DESCRIPTION
Pagination viii, 274 p. ;
Size 22 cm.
350 ## - PRICE (NR) (BK AM CF MU VM SE) [OBSOLETE]
Price Rs30.00
500 ## - GENERAL NOTE
General note Papers presented at a symposium organized by the Institute of Constitutional and Parliamentary Studies in February 1970, and published under the auspices of the institute.
650 #0 - SUBJECT ADDED ENTRY--TOPICAL TERM
Topical term or geographic name as entry element Banks and banking
General subdivision Government ownership
Geographic subdivision India.
9 (RLIN) 174453
700 1# - ADDED ENTRY--PERSONAL NAME
Personal name Singhvi, L. M.
Fuller form of name (Laxmi Mall),
Dates associated with a name 1931-2007,
Relator term ed.
Personal name Kashyap, Subhash C.
Personal name Bhatt, P. N.,
Dates associated with a name 1922-
Personal name Jain, Narendra Kumar,
Dates associated with a name 1937-
710 2# - ADDED ENTRY--CORPORATE NAME
Corporate name or jurisdiction name as entry element Institute of Constitutional and Parliamentary Studies (New Delhi, India)
9 (RLIN) 174458
942 ## - ADDED ENTRY ELEMENTS (KOHA)
Source of classification or shelving scheme Dewey Decimal Classification
Koha item type Books
Holdings
Lost status Source of classification or shelving scheme Damaged status Not for loan Collection code Permanent Location Current Location Shelving location Date acquired Source of acquisition Total Checkouts Full call number Date last seen Copy number Koha item type
  Dewey Decimal Classification   Not For Loan Non-fiction Central Library, University of Rajshahi Central Library, University of Rajshahi Reading Room 19/06/1974 India Gov.   332.10954 BAN 1971 19/12/2016 C-1 Books